Vakuumnyje uplotnenija

Uložené v:
Podrobná bibliografia
Hlavný autor: ROTH, A. (Author)
Médium: Kniha
Jazyk:Russian
Vydané: 1971
Tagy: Pridať tag
Žiadne tagy, Buďte prvý kto otaguje tento záznam!

MARC

LEADER 00000nam a2200000 a 4500
001 000170430
005 00000000000000.0
008 040101s1971 e ruso
041 0 |a rus 
100 1 |a ROTH, A.  |4 aut 
245 1 0 |a Vakuumnyje uplotnenija 
260 |c 1971 
500 |a Záznam neprešiel kontrolou 
910 |a svkkk 
998 |a BK 
090 |g SCKHL  |k Sklad Pribinova 3. posch.  |a V0.7701  |j 045454  |i 170430-10  |4 Zastaraná  |s Vyradená